000 00857nam a2200241 a 4500
001 BRCA_3885
005 20190320204448.0
008 271209s1935----mx-a######---#000-0#spa-#
041 _aspa
044 _amx
050 4 _aF1230
_b.L67 1935
100 1 _aLópez Portillo y Weber, José.
_910109
245 1 0 _aLa conquista de la Nueva Galicia
_cJosé López Portillo y Weber.
260 _aMéxico
_bSEP. Depto. de Monumentos
_c1935
300 _a382 p.
_bil., 1 mapa plegable
_c24 cm.
500 _aContribución de la SEP al XXVI Congreso Internacional de Americanistas, reunido en Sevilla España, el 12 de octubre de 1935
500 _aC46
651 4 _aNueva Galicia
_xHistoria
_910110
651 4 _aMéxico
_xHistoria
_yConquista, 1519-1540
_9442
651 4 _aMéxico
_xHistoria
_yPeriodo colonial, 1540-1810
_94206
902 _aGFM
942 _2lcc
_cB
999 _c3613
_d3613